| 000 | 00989cam a22002417a 4500 | ||
|---|---|---|---|
| 999 |
_c330602 _d330602 |
||
| 001 | 1050086 | ||
| 003 | NUST | ||
| 005 | 20170725105030.0 | ||
| 008 | 911105s1989 pk 000 0 urdo | ||
| 010 | _a 89933685 | ||
| 020 | _a9693501977 | ||
| 040 |
_aDLC _cDLC |
||
| 050 | 0 | 0 | _aMLCSA 95/321 (D) |
| 082 |
_a910.4 _bABI |
||
| 100 | 1 |
_aʻĀbidī, Raz̤ā ʻAlī, _d1936- _93428 |
|
| 245 | 1 | 0 |
_aJarnailī Saṛak : _bPāk o Hind kī tārīk̲h̲ī shāhrāh par musāfirat aur mushāhidāt-i nau : Bī.Bī.Sī. Landan kī Urdū Sarvis ke silsilevār progrām Jarnailī Saṛak par mabnī dastāvez / _cRaz̤ā ʻAlī ʻĀbidī. |
| 250 | _aAiḍīshan 1. | ||
| 260 |
_aKarāchī : _bSang-e- mil publication, _c2005. |
||
| 300 |
_a310 p. ; _c22 cm. |
||
| 546 | _aIn Urdu. | ||
| 653 | _aDescription and travel along the Grand Trunk Road, from Peshawar, Pakistan, to Calcutta, India | ||
| 880 |
_6100-01\(3\r _aرضا علی عابدی |
||
| 880 |
_6245-02\(3\r _aجرنیلی سڑک : _bبی بی سی لندن کی اردو سروس کے سلسلے وار پروگرام جرنیلی سٹرک پر مبنی دستاویز _cرضا علی عابدی |
||
| 880 |
_6260-03\(3\r _aلاہور: _bسنگ میل پبلی کیشنز، _c2005 |
||
| 906 |
_a7 _bcbc _corignew _d4 _encip _f19 _gy-gencatlg |
||
| 942 |
_2ddc _cBK |
||